| 000 | 00631nam a2200193 4500 | ||
|---|---|---|---|
| 001 | 121057 | ||
| 003 | ES-MaACL | ||
| 005 | 20250825113423.0 | ||
| 007 | t| | ||
| 008 | 070214s1921 fr r ||||1| fre d | ||
| 100 | 1 |
_aPoncet, André François. _992962 |
|
| 245 | 1 | 0 |
_aUne formule nouvelle _b: le contrôle syndical / _cAndré-François Poncet. |
| 260 |
_aParis : _bSociété d'Études et d'Informations Économiques, _c1921. |
||
| 300 |
_a18 p. ; _c20 cm. |
||
| 650 | 0 | 4 |
_aSindicalismo _917110 |
| 710 | 2 |
_aSociété d'études et d'informations économiques. _96836 |
|
| 852 |
_aES-MaACL _j1635-F-10 |
||
| 999 |
_c121057 _d121057 |
||